000 00257nam a2200109Ia 4500
999 _c9252
_d9252
020 _a978-1285065137
100 _aBrigham , Houston
245 0 _aFundamentals Of Financial Management
260 _aNew Delhi
_bBantam Books
_c1998
300 _a635
942 _cBK